00439 2200169 4500001002100000005001700021008004100038035002400079090002100103100001500124245002500139260003800164300002100202650001600223850001500239999001500254YOGYA-021100000018722011020808453452 ind  0010-021100000001872 aDep 499.20 Hai B aHalkema. W aBeknopte Handleiding aYogyakartabVoorh H. Buningc1914 a63 hlm . ; 21 cm aBahasa jawa aYOPDYOG[B] ad000005729